[Event "4NCL 2012-13"]
[Site "Hinckley ENG"]
[Date "2013.05.04"]
[Round "9.117"]
[White "Croad, Nicolas"]
[Black "Cramling, Pia"]
[Result "0-1"]
[WhiteTitle "FM"]
[BlackTitle "GM"]
[WhiteElo "2282"]
[BlackElo "2516"]
[WhiteTeam "White Rose"]
[BlackTeam "Wood Green, Hilsmark Kingfisher"]
[WhiteFideId "4300793"]
[BlackFideId "1700030"]
[EventDate "2012.11.03"]

1. d4 Nf6 2. c4 e6 3. Nf3 Bb4+ 4. Nbd2 d5 5. e3 O-O 6. Bd3 b6 7. O-O Bb7 8. a3
Be7 9. b3 Nbd7 10. Bb2 Ne4 11. cxd5 exd5 12. Ne5 Nxd2 13. Qxd2 f6 14. Nf3 Rf7
15. Qc2 Nf8 16. Rfc1 c5 17. Nh4 g6 18. Nf3 Ne6 19. dxc5 bxc5 20. Re1 Rc8 21. e4
c4 22. bxc4 dxc4 23. Bxc4 Ba6 24. Nd2 Bc5 25. Rac1 Qb6 26. Qb3 Bxf2+ 27. Kh1
Rxc4 28. Qxb6 axb6 29. Nxc4 Bxc4 30. Red1 Ba6 31. Rd6 Ng5 32. Bxf6 Nxe4 33. Rd8+
Rf8 34. Rxf8+ Kxf8 35. Be5 Be3 36. Re1 Nf2+ 37. Kg1 Bc5 38. Bd6+ Bxd6 39. Kxf2
Bxa3 40. g4 Bd6 41. h4 Bc8 42. Kf3 Kf7 43. Rb1 Bc5 44. Kf4 Bd7 45. h5 b5 46. Rd1
Be6 47. Rc1 Bd6+ 48. Kg5 h6+ 49. Kh4 g5+ 50. Kh3 b4 51. Rc6 Be5 52. Rb6 b3 53.
Kg2 b2 0-1

[Event "4NCL 2012-13"]
[Site "Hinckley ENG"]
[Date "2013.05.04"]
[Round "9.118"]
[White "Greet, Andrew N"]
[Black "Townsend, M Paul"]
[Result "1-0"]
[WhiteTitle "IM"]
[WhiteElo "2438"]
[BlackElo "2234"]
[WhiteTeam "Wood Green, Hilsmark Kingfisher"]
[BlackTeam "White Rose"]
[WhiteFideId "405817"]
[BlackFideId "402320"]
[EventDate "2012.11.03"]

1. e4 e6 2. d4 d5 3. Nc3 Bb4 4. e5 Ne7 5. a3 Bxc3+ 6. bxc3 b6 7. Qg4 Ng6 8. h4
h5 9. Qd1 Qd7 10. a4 Ba6 11. Bxa6 Nxa6 12. Ne2 Qc6 13. a5 Nb8 14. axb6 axb6 15.
Rxa8 Qxa8 16. Bd2 c5 17. Ng3 Nc6 18. O-O Nxh4 19. Bg5 Nf5 20. Nxf5 exf5 21. dxc5
bxc5 22. Qxd5 O-O 23. e6 fxe6 24. Qxe6+ Kh8 25. Re1 Qc8 26. Qg6 f4 27. Re6 Nd8
28. Re7 1-0

[Event "4NCL 2012-13"]
[Site "Hinckley ENG"]
[Date "2013.05.04"]
[Round "9.121"]
[White "Thorfinnsson, Bragi"]
[Black "Hawkins, Jonathan"]
[Result "0-1"]
[WhiteTitle "IM"]
[BlackTitle "IM"]
[WhiteElo "2484"]
[BlackElo "2511"]
[WhiteTeam "Jutes of Kent"]
[BlackTeam "Cheddleton"]
[WhiteFideId "2300958"]
[BlackFideId "412686"]
[EventDate "2012.11.03"]

1. Nf3 Nf6 2. c4 g6 3. d4 Bg7 4. g3 d5 5. cxd5 Nxd5 6. Bg2 Nb6 7. Nc3 Nc6 8. e3
O-O 9. O-O Re8 10. h3 a5 11. Rb1 Be6 12. b3 h6 13. Qe2 Qc8 14. Kh2 a4 15. Rd1
axb3 16. axb3 Rd8 17. Ne4 Nd5 18. Bb2 b6 19. Ra1 Rxa1 20. Rxa1 Ndb4 21. Ned2 f5
22. Nc4 Bf7 23. Ne1 Qd7 24. Rc1 e5 25. dxe5 b5 26. Na3 Qd2 27. Qxd2 Rxd2 28. Ba1
Rxf2 29. e6 Bxe6 30. Bxg7 Kxg7 31. Kg1 Ra2 32. Nxb5 Bd7 33. Nxc7 Re2 34. Nd5
Rxg2+ 35. Nxg2 Nxd5 36. Rc5 Ndb4 37. Nf4 Kf6 38. h4 Be8 39. Kh2 Bf7 40. Rb5 Bxb3
41. Rb6 Bc4 42. Kg1 g5 43. hxg5+ hxg5 44. Ng2 Ke5 45. Ne1 Ke4 46. Kf2 g4 47. Rb7
Nd5 48. Ng2 Ne5 49. Rb8 Nc3 50. Re8 Bb5 51. Re6 Bd7 52. Rd6 Nd3+ 53. Kg1 Ne2+
54. Kh2 Ne5 55. Nf4 Kxe3 0-1

[Event "4NCL 2012-13"]
[Site "Hinckley ENG"]
[Date "2013.05.04"]
[Round "9.122"]
[White "Colovic, Aleksandar"]
[Black "Ziska, Helgi Dam"]
[Result "1-0"]
[WhiteTitle "IM"]
[BlackTitle "IM"]
[WhiteElo "2447"]
[BlackElo "2474"]
[WhiteTeam "Cheddleton"]
[BlackTeam "Jutes of Kent"]
[WhiteFideId "15000729"]
[BlackFideId "7200595"]
[EventDate "2012.11.03"]

1. d4 Nf6 2. c4 g6 3. Nc3 Bg7 4. e4 d6 5. Nf3 O-O 6. h3 e5 7. d5 Nh5 8. g3 Qe8
9. Be2 Na6 10. Bg5 Nf6 11. g4 Nc5 12. Qc2 a5 13. Nd2 Nfd7 14. O-O-O Na6 15. a3
Ndc5 16. h4 f5 17. gxf5 gxf5 18. Rdg1 Kh8 19. h5 Qf7 20. Be3 f4 21. Bxc5 Nxc5
22. Bg4 Bxg4 23. Rxg4 a4 24. Kb1 Bf6 25. Qd1 Qd7 26. Rhg1 Rg8 27. f3 Qf7 28.
Rxg8+ Rxg8 29. Rxg8+ Qxg8 30. Nxa4 Qg2 31. Nxc5 dxc5 32. Nb3 Be7 33. Na5 b6 34.
Nc6 Bd6 35. h6 Kg8 36. Nd8 Qg5 37. Ne6 Qxh6 38. Qa4 Kf7 39. Qd7+ Kf6 40. Qd8+
Kg6 41. Nxc7 Bxc7 42. Qxc7 Qh1+ 43. Ka2 Qxf3 44. Qd6+ Kf7 45. Qe6+ Kf8 46. d6
Qd3 47. d7 1-0

[Event "4NCL 2012-13"]
[Site "Hinckley ENG"]
[Date "2013.05.04"]
[Round "9.123"]
[White "Williams, Simon K"]
[Black "Hamitevici, Vladimir"]
[Result "1-0"]
[WhiteTitle "GM"]
[BlackTitle "IM"]
[WhiteElo "2511"]
[BlackElo "2440"]
[WhiteTeam "Jutes of Kent"]
[BlackTeam "Cheddleton"]
[WhiteFideId "404454"]
[BlackFideId "13902393"]
[EventDate "2012.11.03"]

1. b3 d5 2. Bb2 Bf5 3. e3 e6 4. d3 Nf6 5. Nd2 a5 6. a3 h6 7. Ngf3 c6 8. g3 Be7
9. Bg2 O-O 10. O-O b5 11. Qe2 Qb6 12. e4 Bh7 13. h4 Na6 14. Ne5 Rad8 15. Ng4 Nd7
16. h5 Rde8 17. Nf3 Nac5 18. Nge5 Nxe5 19. Nxe5 Qc7 20. Qe3 Nd7 21. Ng4 Bc5 22.
Qxh6 f6 23. Qf4 Qxf4 24. gxf4 f5 25. Ne5 Nxe5 26. Bxe5 fxe4 27. dxe4 Rd8 28. a4
b4 29. Rae1 Bd6 30. exd5 exd5 31. Re2 Rf5 32. h6 gxh6 33. Bh3 Rh5 34. Bg4 Rh4
35. Be6+ Kf8 36. Bf6 Be7 37. Bxh4 Bxh4 38. f5 Bf6 39. Kg2 h5 40. Kf3 Kg7 41. Rh1
h4 42. Ree1 Kh6 43. Reg1 Rf8 44. Rg4 Kh5 45. Rhg1 Bd8 46. Kf4 Bc7+ 47. Ke3 Be5
48. f4 Bf6 49. Kf3 d4 50. R1g2 c5 51. Rg1 Rd8 52. Ke4 c4 53. bxc4 d3 54. cxd3 b3
55. c5 Rd4+ 56. Ke3 Rb4 57. Rg5+ Bxg5 58. fxg5 h3 59. g6 Bxg6 60. fxg6 h2 61.
Rh1 Kxg6 62. c6 b2 63. Ba2 1-0

[Event "4NCL 2012-13"]
[Site "Hinckley ENG"]
[Date "2013.05.04"]
[Round "9.124"]
[White "Paehtz, Elisabeth"]
[Black "Johannesson, Ingvar Thor"]
[Result "0-1"]
[WhiteTitle "IM"]
[BlackTitle "FM"]
[WhiteElo "2482"]
[BlackElo "2340"]
[WhiteTeam "Cheddleton"]
[BlackTeam "Jutes of Kent"]
[WhiteFideId "4641833"]
[BlackFideId "2301490"]
[EventDate "2012.11.03"]

1. Nf3 Nf6 2. c4 e6 3. g3 a6 4. e3 d5 5. cxd5 exd5 6. Bg2 Bd6 7. b3 Bf5 8. d3 h6
9. O-O O-O 10. Bb2 Re8 11. Nc3 c6 12. Re1 Bh7 13. Qd2 Nbd7 14. Rad1 Ne5 15. Nxe5
Bxe5 16. d4 Bd6 17. f3 Qb6 18. Na4 Qc7 19. Nc5 h5 20. e4 dxe4 21. fxe4 Rad8 22.
Qg5 Bg6 23. Rc1 Nh7 24. Qe3 h4 25. e5 Be7 26. Qf2 hxg3 27. hxg3 Ng5 28. Qe3 Bxc5
29. Rxc5 Ne6 30. Rc4 Qb6 31. Kf2 Rd7 32. Rh1 f5 33. Rhc1 Qa5 34. a4 f4 35. Qe2
fxg3+ 36. Kxg3 Rf7 37. Qe3 Qd8 38. d5 Nf4 39. Rxf4 Qg5+ 40. Kh2 Rxf4 41. Re1 Be4
42. Bh3 Ref8 43. Re2 Qh4 44. Kg1 Rf1+ 0-1

[Event "4NCL 2012-13"]
[Site "Hinckley ENG"]
[Date "2013.05.04"]
[Round "9.125"]
[White "Kirk, Ezra"]
[Black "Arkell, Keith C"]
[Result "1-0"]
[BlackTitle "GM"]
[WhiteElo "2258"]
[BlackElo "2462"]
[WhiteTeam "Jutes of Kent"]
[BlackTeam "Cheddleton"]
[WhiteFideId "600067"]
[BlackFideId "400270"]
[EventDate "2012.11.03"]

1. d4 Nf6 2. c4 e6 3. Nc3 Bb4 4. e3 c5 5. Bd3 cxd4 6. exd4 d5 7. Nf3 dxc4 8.
Bxc4 O-O 9. O-O Nbd7 10. Bg5 Nb6 11. Bd3 Be7 12. Re1 Bd7 13. Ne5 Bc6 14. Re3 g6
15. Bh6 Re8 16. Bc2 Nbd7 17. Nxc6 bxc6 18. Rh3 Nb6 19. Bf4 Nbd5 20. Be5 Nd7 21.
Nxd5 cxd5 22. Ba4 Rf8 23. Bxd7 1-0

[Event "4NCL 2012-13"]
[Site "Hinckley ENG"]
[Date "2013.05.04"]
[Round "9.126"]
[White "Eggleston, David J"]
[Black "Van Weersel, Arlette"]
[Result "1-0"]
[WhiteTitle "FM"]
[BlackTitle "WIM"]
[WhiteElo "2337"]
[BlackElo "2168"]
[WhiteTeam "Cheddleton"]
[BlackTeam "Jutes of Kent"]
[WhiteFideId "412120"]
[BlackFideId "1009877"]
[EventDate "2012.11.03"]

1. e4 e5 2. Nf3 Nc6 3. Bc4 Nf6 4. d3 Be7 5. c3 O-O 6. O-O d6 7. Bb3 Na5 8. Bc2
c5 9. Nbd2 Qc7 10. Re1 Re8 11. Nf1 h6 12. Ne3 Bf8 13. d4 c4 14. b4 cxb3 15. axb3
Nc6 16. Nd5 Qd8 17. h3 Nb8 18. c4 Nbd7 19. Bb2 b6 20. dxe5 Nxe5 21. Nd4 Bd7 22.
f4 Nxd5 23. cxd5 Ng6 24. Rf1 a5 25. Qd3 Bc8 26. Qg3 Ba6 27. Rf2 Rc8 28. Nc6 Qd7
29. Bd3 Bxd3 30. Qxd3 Rxc6 31. dxc6 Qxc6 32. f5 Ne5 33. Bxe5 Rxe5 34. Rc2 Qe8
35. Rac1 Rxe4 36. Rc8 Qe5 37. Qf3 d5 38. Rd8 Re1+ 39. Rxe1 Qxe1+ 40. Kh2 Qe7 41.
Qxd5 Kh7 42. f6 Qc7+ 43. g3 Qc2+ 44. Qg2 Qxg2+ 45. Kxg2 Bc5 46. fxg7 Kxg7 47.
Kf3 Bg1 48. Rd5 Kg6 49. g4 Kf6 50. h4 Bc5 51. Rf5+ Kg6 52. Ke4 Be7 53. h5+ Kg7
54. Re5 Kf6 55. Rd5 Ke6 56. Rf5 f6 57. Kd4 Kd6 58. Rf1 b5 59. Rc1 a4 60. Rc5 f5
61. Rxb5 axb3 62. gxf5 Bf6+ 63. Kd3 b2 64. Kc2 Bd4 65. Ra5 Bf6 66. Kb1 Ke7 67.
Ra6 Kf7 68. Ra8 Be7 69. Kxb2 Kf6 70. Ra5 Kg5 71. Kc3 Bf6+ 72. Kd3 Kxh5 73. Ke4
Kg5 74. Ra2 Bg7 75. Rg2+ Kf6 76. Rg6+ Kf7 77. Kf4 Bc3 78. Kg4 Bd2 79. Ra6 Bg5
80. Rc6 Kg7 81. Kf3 Kf7 82. Ke4 h5 83. Ke5 Bd8 84. Rh6 Bc7+ 85. Ke4 Bd8 86. Rxh5
Bf6 87. Rh7+ Bg7 88. Kd5 Kf6 89. Rxg7 1-0

[Event "4NCL 2012-13"]
[Site "Hinckley ENG"]
[Date "2013.05.04"]
[Round "9.127"]
[White "Harakis, Alexis M"]
[Black "Bellin, Robert"]
[Result "1-0"]
[BlackTitle "IM"]
[WhiteElo "2238"]
[BlackElo "2355"]
[WhiteTeam "Jutes of Kent"]
[BlackTeam "Cheddleton"]
[WhiteFideId "403954"]
[BlackFideId "400343"]
[EventDate "2012.11.03"]

1. d4 f5 2. g3 Nf6 3. Bg2 e6 4. Nh3 d6 5. O-O g6 6. b4 Bg7 7. Bb2 O-O 8. c4 Qe7
9. Qb3 e5 10. c5+ Be6 11. d5 Bf7 12. Ng5 e4 13. Nc3 Rd8 14. Rfd1 Nbd7 15. Nb5
Nf8 16. Nxf7 Qxf7 17. Rac1 a6 18. Nc3 h5 19. a4 dxc5 20. bxc5 c6 21. e3 N8d7 22.
Qxb7 Rab8 23. Qa7 Nxd5 24. Nxd5 Bxb2 25. Rc2 Ne5 26. Ne7+ Qxe7 27. Qxe7 Rxd1+
28. Bf1 Nf3+ 29. Kg2 Ne1+ 30. Kh3 Nxc2 31. Bc4+ Kh8 32. Qf7 Rdd8 33. Qxg6 Rd7
34. Qxc6 Rg7 35. Qh6+ Rh7 36. Qd6 Re8 37. Qg6 Rf8 38. Be6 Bg7 39. Bxf5 Rh6 40.
Qg5 Ne1 41. Bxe4 h4 42. g4 Nf3 43. Qd5 Ng1+ 44. Kg2 Ne2 45. Qc4 h3+ 46. Kf1 Nc3
47. Bc2 Rhf6 48. f4 Rd8 49. g5 Rc6 50. f5 Rd2 51. Bb3 Nd5 52. Qh4+ Rh6 53. Qe4 1-0

[Event "4NCL 2012-13"]
[Site "Hinckley ENG"]
[Date "2013.05.04"]
[Round "9.128"]
[White "Steil-Antoni, Fiona"]
[Black "Naylor, John"]
[Result "1-0"]
[WhiteTitle "WIM"]
[WhiteElo "2169"]
[BlackElo "2153"]
[WhiteTeam "Cheddleton"]
[BlackTeam "Jutes of Kent"]
[WhiteFideId "4001249"]
[BlackFideId "403172"]
[EventDate "2012.11.03"]

1. e4 d6 2. d4 Nf6 3. Bd3 e5 4. c3 Be7 5. Nf3 Nbd7 6. O-O c6 7. Re1 Qc7 8. Nbd2
h6 9. Nf1 g5 10. Ng3 Nf8 11. Qe2 Ng6 12. Nf5 Nh5 13. g3 Bf6 14. Nd2 Nhf4 15.
gxf4 Nxf4 16. Qe3 Be6 17. b3 O-O-O 18. Ba3 Bxf5 19. exf5 Nd5 20. Qg3 exd4 21.
Nc4 Nf4 22. cxd4 Bxd4 23. Rad1 c5 24. Bb2 Bxb2 25. Nxb2 d5 26. Bf1 h5 27. Qe3 g4
28. Qe5 Rhe8 29. Qxc7+ Kxc7 30. Nd3 Nxd3 31. Bxd3 Kc6 32. Kg2 h4 33. f6 b5 34.
Bf5 c4 35. bxc4 bxc4 36. Bxg4 Rxe1 37. Rxe1 Rd6 38. Re7 Rxf6 39. Rxa7 Kc5 40.
Rc7+ Kb4 41. Bd1 d4 42. a4 d3 43. Kf1 c3 44. Rb7+ Kc5 45. Rc7+ Rc6 46. Rxc6+
Kxc6 47. Bf3+ Kc5 48. Ke1 f5 49. Bg2 Kb4 50. Bf1 d2+ 51. Kd1 Kxa4 52. f4 1-0

[Event "4NCL 2012-13"]
[Site "Hinckley ENG"]
[Date "2013.05.04"]
[Round "9.131"]
[White "Jones, Gawain C B"]
[Black "Collins, Sam E."]
[Result "1-0"]
[WhiteTitle "GM"]
[BlackTitle "IM"]
[WhiteElo "2644"]
[BlackElo "2471"]
[WhiteTeam "Guildford"]
[BlackTeam "Barbican 4NCL"]
[WhiteFideId "409561"]
[BlackFideId "2501198"]
[EventDate "2012.11.03"]

1. c4 e6 2. Nc3 d5 3. d4 Nf6 4. cxd5 exd5 5. Bg5 Be7 6. e3 Nbd7 7. Qc2 O-O 8.
Bd3 Re8 9. Nge2 Nf8 10. O-O c6 11. f3 Nh5 12. Bxe7 Qxe7 13. e4 dxe4 14. fxe4 Be6
15. e5 f6 16. Ne4 fxe5 17. dxe5 Bd5 18. Nd6 Qg5 19. Nc3 Rxe5 20. Nxd5 cxd5 21.
Qf2 Qe3 22. Rae1 Qxf2+ 23. Kxf2 Nf4 24. Bb5 Rxe1 25. Rxe1 a6 26. Bf1 b5 27. g3
Nh5 28. Re8 Rxe8 29. Nxe8 Ne6 30. Bg2 Kf8 31. Bxd5 Nc5 32. Nc7 Nd3+ 33. Ke3 Nxb2
34. Kd4 Ke7 35. Nxa6 Kd6 36. Nc5 Nf6 37. Ne4+ Nxe4 38. Bxe4 h6 39. Kc3 Na4+ 40.
Kb4 Nc5 41. Bg2 1-0

[Event "4NCL 2012-13"]
[Site "Hinckley ENG"]
[Date "2013.05.04"]
[Round "9.132"]
[White "Turner, Matthew J"]
[Black "Edouard, Romain"]
[Result "1/2-1/2"]
[WhiteTitle "GM"]
[BlackTitle "GM"]
[WhiteElo "2504"]
[BlackElo "2688"]
[WhiteTeam "Barbican 4NCL"]
[BlackTeam "Guildford"]
[WhiteFideId "402893"]
[BlackFideId "633429"]
[EventDate "2012.11.03"]

1. d4 Nf6 2. Bg5 e6 3. Nd2 c5 4. e3 Be7 5. Ngf3 h6 6. Bxf6 Bxf6 7. Ne4 cxd4 8.
Nxf6+ Qxf6 9. Qxd4 Qxd4 10. Nxd4 Ke7 11. g3 Nc6 12. O-O-O d6 13. Bg2 Bd7 14. Nb5
d5 15. e4 dxe4 16. Bxe4 Rhd8 17. Rhe1 Nb4 18. Nd4 Rab8 1/2-1/2

[Event "4NCL 2012-13"]
[Site "Hinckley ENG"]
[Date "2013.05.04"]
[Round "9.133"]
[White "Short, Nigel D"]
[Black "D'Costa, Lorin A R"]
[Result "1-0"]
[WhiteTitle "GM"]
[BlackTitle "IM"]
[WhiteElo "2692"]
[BlackElo "2426"]
[WhiteTeam "Guildford"]
[BlackTeam "Barbican 4NCL"]
[WhiteFideId "400025"]
[BlackFideId "409219"]
[EventDate "2012.11.03"]

1. c4 c5 2. g3 g6 3. Bg2 Bg7 4. Nc3 Nc6 5. Nf3 e6 6. a3 Nge7 7. b4 d6 8. bxc5
dxc5 9. Bb2 O-O 10. d3 b6 11. e3 Bb7 12. O-O Qd7 13. Qe2 Rad8 14. Rfd1 h6 15.
Rab1 Rfe8 16. h4 e5 17. Nh2 f5 18. Nd5 Na5 19. e4 Nxd5 20. cxd5 Nb3 21. Bc3 Nd4
22. Qa2 g5 23. hxg5 hxg5 24. a4 f4 25. a5 b5 26. a6 Bc8 27. Bxd4 cxd4 28. Rdc1
g4 29. gxf4 exf4 30. f3 g3 31. Nf1 Bf8 32. Rc6 b4 33. Qc4 Qg7 34. Rc7 Qh6 35.
Rxa7 Bh3 36. d6+ Be6 37. Qxb4 Bxd6 38. Qb5 Rc8 39. Rb7 Red8 40. a7 Rc2 41. Rb8
Rcc8 42. Rxc8 Rxc8 43. Qa6 1-0

[Event "4NCL 2012-13"]
[Site "Hinckley ENG"]
[Date "2013.05.04"]
[Round "9.134"]
[White "Griffiths, Ryan Rhys"]
[Black "Sadler, Matthew D"]
[Result "0-1"]
[WhiteTitle "FM"]
[BlackTitle "GM"]
[WhiteElo "2353"]
[BlackElo "2639"]
[WhiteTeam "Barbican 4NCL"]
[BlackTeam "Guildford 1"]
[WhiteFideId "2502054"]
[BlackFideId "400173"]
[EventDate "2012.11.03"]

1. c4 e6 2. g3 f5 3. Bg2 Nf6 4. Nf3 Be7 5. Nc3 O-O 6. O-O d5 7. cxd5 exd5 8. e3
Nc6 9. Ne2 Bd6 10. b3 Ne5 11. Qc2 Nxf3+ 12. Bxf3 c6 13. Bb2 Qe8 14. d3 Bd7 15.
a3 Qg6 16. Bd4 Rf7 17. b4 Qh6 18. Bg2 a6 19. Rae1 Re8 20. Nc3 Rfe7 21. Re2 g5
22. Rfe1 f4 23. exf4 gxf4 24. Rxe7 Rxe7 25. Rxe7 Bxe7 26. Qd2 Bd6 27. Ne2 Ng4
28. Nxf4 Qxh2+ 29. Kf1 Qh6 30. Bb2 Kf7 31. Bc1 Bf5 32. d4 Ke8 33. f3 Bxf4 34.
Qxf4 Bd3+ 35. Ke1 Qe6+ 0-1

[Event "4NCL 2012-13"]
[Site "Hinckley ENG"]
[Date "2013.05.04"]
[Round "9.135"]
[White "Van Kampen, Robin"]
[Black "Ferguson, Mark"]
[Result "1/2-1/2"]
[WhiteTitle "GM"]
[BlackTitle "IM"]
[WhiteElo "2574"]
[BlackElo "2402"]
[WhiteTeam "Guildford"]
[BlackTeam "Barbican 4NCL"]
[WhiteFideId "1020854"]
[BlackFideId "403547"]
[EventDate "2012.11.03"]

1. e4 e5 2. Nf3 Nf6 3. d4 Nxe4 4. Bd3 d5 5. Nxe5 Nd7 6. Nxd7 Bxd7 7. O-O Bd6 8.
c4 c6 9. cxd5 cxd5 10. Nc3 Nxc3 11. bxc3 O-O 12. Qh5 g6 13. Qxd5 Qc7 14. Qf3
Qxc3 15. Qf6 Bc5 16. Be3 Rfe8 17. Bxg6 hxg6 18. Rac1 Be7 19. Qxe7 Qxc1 20. Qxe8+
Rxe8 21. Rxc1 Rc8 22. Rxc8+ Bxc8 23. d5 b6 24. f3 f6 25. Kf2 Kf7 26. Bd4 Bb7 27.
d6 f5 28. Ke3 Ke6 29. Be5 Bd5 30. a3 Bc6 31. Bf4 a5 32. h4 b5 33. Kd4 b4 34.
axb4 axb4 35. Kc4 b3 36. Kxb3 Bb5 37. Kb4 Bf1 38. Kc5 Kd7 39. g4 fxg4 40. fxg4
Be2 41. h5 gxh5 42. g5 Bf3 43. Bg3 Bc6 44. Bf4 h4 45. Bh2 h3 46. Bg3 Bf3 47. Kd4
Ke6 48. g6 Bc6 49. Kc5 Be8 50. Kb6 Bxg6 51. Kc7 Be8 52. Bh2 Bd7 1/2-1/2

[Event "4NCL 2012-13"]
[Site "Hinckley ENG"]
[Date "2013.05.04"]
[Round "9.136"]
[White "Franklin, Samuel G A"]
[Black "Stefanova, Antoaneta"]
[Result "1/2-1/2"]
[WhiteTitle "FM"]
[BlackTitle "GM"]
[WhiteElo "2322"]
[BlackElo "2491"]
[WhiteTeam "Barbican 4NCL"]
[BlackTeam "Guildford"]
[WhiteFideId "468576"]
[BlackFideId "2902257"]
[EventDate "2012.11.03"]

1. e4 e5 2. Nf3 Nc6 3. Bb5 a6 4. Ba4 Nf6 5. O-O b5 6. Bb3 Bb7 7. d3 Be7 8. Nc3
O-O 9. Re1 d6 10. a3 Re8 11. Ng5 Rf8 12. Nf3 Re8 13. Ng5 Rf8 14. Nf3 1/2-1/2

[Event "4NCL 2012-13"]
[Site "Hinckley ENG"]
[Date "2013.05.04"]
[Round "9.137"]
[White "Hebden, Mark L"]
[Black "Cox, John J"]
[Result "0-1"]
[WhiteTitle "GM"]
[BlackTitle "IM"]
[WhiteElo "2540"]
[BlackElo "2396"]
[WhiteTeam "Guildford"]
[BlackTeam "Barbican 4NCL"]
[WhiteFideId "400084"]
[BlackFideId "401064"]
[EventDate "2012.11.03"]

1. d4 Nf6 2. Nf3 e6 3. c3 c5 4. Bg5 h6 5. Bxf6 Qxf6 6. e4 cxd4 7. cxd4 Bb4+ 8.
Nc3 O-O 9. Rc1 d6 10. e5 dxe5 11. dxe5 Qe7 12. Bd3 Bd7 13. O-O Bc6 14. Qe2 Nd7
15. Nd4 Rac8 16. Nxc6 Rxc6 17. Qe4 g6 18. Bb5 Rb6 19. Rfd1 Nb8 20. Qe2 Bxc3 21.
Rxc3 Rd8 22. Rdc1 a6 23. Ba4 Rb4 24. Bb3 Nc6 25. Qe3 Qg5 26. Re1 Rd2 27. Rxc6
bxc6 28. Qc3 Rbd4 29. Qxc6 Qxe5 30. Rf1 Rxb2 31. Qxa6 Rdd2 32. g3 Kg7 33. Qc4 h5
34. Kg2 Qe3 35. Qf4 Qxf4 36. gxf4 Kf6 37. Kf3 Kf5 38. Bc4 Rbc2 39. Ke3 Kf6 40.
Bb3 Rb2 41. Bc4 Rdc2 42. Bb3 Rc3+ 43. Ke4 Rh3 44. Bc4 Rxh2 45. Ke3 Rh3+ 46. f3
Rhh2 47. Ra1 Rhc2 48. Kd3 h4 49. a4 h3 50. a5 h2 51. a6 Ra2 52. Bxa2 Rxa2 53.
Rxa2 h1=Q 54. a7 Qb1+ 55. Kd4 0-1

[Event "4NCL 2012-13"]
[Site "Hinckley ENG"]
[Date "2013.05.04"]
[Round "9.141"]
[White "Dorrington, Chris J"]
[Black "Dearing, Eddie"]
[Result "1-0"]
[BlackTitle "IM"]
[WhiteElo "2307"]
[BlackElo "2418"]
[WhiteTeam "Barbican 4NCL"]
[BlackTeam "Cambridge University"]
[WhiteFideId "410462"]
[BlackFideId "2400731"]
[EventDate "2012.11.03"]

1. d4 d5 2. c4 c6 3. Nc3 Nf6 4. Nf3 e6 5. e3 Nbd7 6. Bd3 dxc4 7. Bxc4 b5 8. Bd3
Bd6 9. O-O O-O 10. Ne2 e5 11. Ng3 Re8 12. Qc2 Qb6 13. a4 bxa4 14. Rxa4 Bb7 15.
Nf5 Bf8 16. dxe5 Nxe5 17. Nxe5 Rxe5 18. Bd2 c5 19. Bc3 Re6 20. Rh4 Rae8 21. Ra1
Qc6 22. f3 g6 23. Rxa7 gxf5 24. Bxf5 h6 25. Bxe6 Rxe6 26. Qf2 Kh7 27. Rf4 Bg7
28. Qh4 Kg6 29. Qh3 Kh7 30. Qh4 Kg6 31. Kf2 Qb6 32. Raa4 Kh7 33. g4 Nd5 34. Rxf7
Nxc3 35. bxc3 Rf6 36. Qxf6 1-0

[Event "4NCL 2012-13"]
[Site "Hinckley ENG"]
[Date "2013.05.04"]
[Round "9.142"]
[White "Bisby, Daniel L"]
[Black "Chapman, Terry P D"]
[Result "1/2-1/2"]
[WhiteTitle "FM"]
[WhiteElo "2288"]
[BlackElo "2279"]
[WhiteTeam "Cambridge University"]
[BlackTeam "Barbican 4NCL"]
[WhiteFideId "404586"]
[BlackFideId "413399"]
[EventDate "2012.11.03"]

1. e4 c6 2. d4 d5 3. e5 c5 4. dxc5 Nc6 5. Bf4 e6 6. Nf3 Bxc5 7. Bd3 Nge7 8. O-O
h6 9. Nbd2 g5 10. Nb3 Bb6 11. Bg3 Nf5 12. Re1 h5 13. Bxf5 exf5 14. h4 f4 15. Bh2
g4 16. Nfd4 g3 17. fxg3 Rg8 18. gxf4 Qxh4 19. Kh1 Nxd4 20. Nxd4 Qf2 21. Qf3 Qxd4
22. e6 Bxe6 23. f5 O-O-O 1/2-1/2

[Event "4NCL 2012-13"]
[Site "Hinckley ENG"]
[Date "2013.05.04"]
[Round "9.143"]
[White "Morrison, Graham SCO"]
[Black "Moskovic, David M"]
[Result "1/2-1/2"]
[WhiteTitle "FM"]
[BlackTitle "FM"]
[WhiteElo "2352"]
[BlackElo "2342"]
[WhiteTeam "Barbican 4NCL"]
[BlackTeam "Cambridge University"]
[WhiteFideId "2400090"]
[BlackFideId "404535"]
[EventDate "2012.11.03"]

1. d4 Nf6 2. c4 g6 3. Nf3 Bg7 4. g3 d5 5. cxd5 Nxd5 6. Bg2 Nb6 7. O-O Nc6 8. Nc3
Nxd4 9. Nxd4 Qxd4 10. Nb5 Qc4 11. Qb3 O-O 12. Qxc4 Nxc4 13. Nxc7 Rb8 14. Nd5 Re8
15. Bf4 Be5 16. Bxe5 Nxe5 17. Rfc1 Nc6 18. Kf1 1/2-1/2

[Event "4NCL 2012-13"]
[Site "Hinckley ENG"]
[Date "2013.05.04"]
[Round "9.144"]
[White "Eckersley-Waites, Adam"]
[Black "Buchicchio, Giampaolo"]
[Result "1/2-1/2"]
[BlackTitle "FM"]
[WhiteElo "2266"]
[BlackElo "2306"]
[WhiteTeam "Cambridge University"]
[BlackTeam "Barbican 4NCL"]
[WhiteFideId "411698"]
[BlackFideId "811491"]
[EventDate "2012.11.03"]

1. e4 c5 2. Nf3 e6 3. d4 cxd4 4. Nxd4 Nf6 5. Nc3 Nc6 6. Ndb5 d6 7. Bf4 e5 8. Bg5
a6 9. Na3 b5 10. Bxf6 gxf6 11. Nd5 f5 12. c3 Bg7 13. exf5 Bxf5 14. Nc2 Be6 15.
g3 O-O 16. Bg2 f5 17. O-O a5 18. Qe2 Rb8 19. Rad1 b4 20. Qa6 Ne7 21. cxb4 e4 22.
Nxe7+ Qxe7 23. b3 axb4 24. Rxd6 Bf7 25. Rfd1 Ra8 26. Qb5 Rxa2 27. Nxb4 Ra1 28.
Bf1 e3 29. Nc2 exf2+ 30. Kxf2 Ra2 31. R6d2 f4 32. Kg1 Kh8 33. Bc4 Qa7+ 34. Kh1
Be8 35. Qd5 fxg3 36. hxg3 Qc7 37. Kh2 Ra5 38. Qg2 Rh5+ 39. Kg1 Bc6 40. Bd5 Bxd5
41. Rxd5 Qb6+ 42. Nd4 Rxd5 43. Qxd5 Rd8 44. Qf3 Bxd4+ 45. Kg2 Qa7 46. Qe4 Qa2+
47. Kh3 Qb2 48. Qh4 Rd5 49. Qe4 Rd8 50. Qh4 Rd5 51. Qe4 1/2-1/2